[Event "MVP-ch Seniors op 19th"]
[Site "Ostseebad Binz"]
[Date "2019.12.05"]
[Round "9"]
[White "Barlo, Werner"]
[Black "Weiss, Hartwig"]
[Result "1/2-1/2"]
[WhiteElo "1750"]
[BlackElo "1934"]
[PlyCount "45"]
[EventDate "2019.11.27"]
[EventType "swiss"]
[EventRounds "9"]
[EventCountry "GER"]
[SourceTitle "EXT 2021"]
[Source "ChessBase"]
[SourceDate "2020.10.23"]
[SourceVersion "1"]
[SourceVersionDate "2020.10.23"]
[SourceQuality "1"]

1. Nf3 Nf6 2. d4 e6 3. a3 b6 4. c4 Bb7 5. e3 Be7 6. Nc3 d5 7. Bd3 dxc4 8. Bxc4 Nbd7 9. 0-0 0-0 10. Bd3 c5 11. Bc2 Rc8 12. dxc5 Nxc5 13. Nd4 Nce4 14. Nxe4 Nxe4 15. f3 Nf6 16. b4 Qc7 17. Bb3 Rfd8 18. Bd2 Qd7 19. Rc1 e5 20. Rxc8 Bxc8 21. Ba4 Qb7 22. Nc6 Rd6 23. Nxe7+ 1/2-1/2

[Event "Hessen-ch Seniors op 12th"]
[Site "Bad Sooden-Allendorf"]
[Date "2016.05.08"]
[Round "9"]
[White "Hunold, Rolf"]
[Black "Weiss, Hartwig"]
[Result "1-0"]
[WhiteElo "2104"]
[BlackElo "1965"]
[PlyCount "39"]
[EventDate "2016.04.30"]
[EventType "swiss"]
[EventRounds "9"]
[EventCountry "GER"]
[SourceTitle "EXT 2019"]
[Source "ChessBase"]
[SourceDate "2018.10.10"]
[SourceVersion "1"]
[SourceVersionDate "2018.10.10"]
[SourceQuality "1"]

1. e4 c6 2. d4 d5 3. e5 Bf5 4. Nf3 e6 5. Nc3 c5 6. Be3 c4 7. Be2 Bb4 8. 0-0 Bxc3 9. bxc3 Nc6 10. Qd2 Nge7 11. Nh4 Bg6 12. Nxg6 hxg6 13. Rab1 Qc7 14. Bg5 0-0-0 15. Rb5 f6 16. Bf4 g5 17. exf6 gxf4 18. fxe7 Nxe7 19. Bg4 Nf5 20. Rc5 1-0

[Event "Hessen-ch Seniors op 12th"]
[Site "Bad Sooden-Allendorf"]
[Date "2016.05.03"]
[Round "4"]
[White "Weiss, Hartwig"]
[Black "Barlo, Werner"]
[Result "1-0"]
[WhiteElo "1965"]
[BlackElo "1754"]
[PlyCount "120"]
[EventDate "2016.04.30"]
[EventType "swiss"]
[EventRounds "9"]
[EventCountry "GER"]
[SourceTitle "EXT 2019"]
[Source "ChessBase"]
[SourceDate "2018.10.10"]
[SourceVersion "1"]
[SourceVersionDate "2018.10.10"]
[SourceQuality "1"]

1. d4 e6 2. c4 d5 3. Nf3 c5 4. cxd5 exd5 5. Nc3 Be6 6. Bf4 Nf6 7. e3 Bd6 8. Bb5+ Nc6 9. Ne5 Bxe5 10. Bxe5 0-0 11. Bxc6 bxc6 12. dxc5 Ng4 13. Bg3 f6 14. 0-0 Qa5 15. Qd4 Nh6 16. b4 Qd8 17. Ne2 Nf5 18. Qc3 Nxg3 19. hxg3 a6 20. Nd4 Bd7 21. a4 Qe7 22. Rab1 Rfc8 23. Rfc1 Qe5 24. Qb3 Bf5 25. Rb2 Bd7 26. Rcc2 g6 27. Re2 Bg4 28. f3 Bd7 29. Kf2 Kg7 30. Qd3 f5 31. f4 Qf6 32. Rec2 Qe7 33. Nf3 Be8 34. Ne5 Qe6 35. Qd4 Kg8 36. Rc1 Rc7 37. Rh1 Rb8 38. Rhb1 Rcb7 39. Qd3 Ra8 40. Qe2 Kg7 41. g4 fxg4 42. Nxg4 Rf7 43. Nh2 g5 44. g3 Bd7 45. Nf3 gxf4 46. exf4 Re7 47. Qxe6 Rxe6 48. Re1 Rxe1 49. Kxe1 Re8+ 50. Ne5 Bc8 51. Kf2 Bb7 52. Ke3 Re6 53. Kd4 Rh6 54. b5 axb5 55. axb5 cxb5 56. Rxb5 Ba6 57. Rb6 Rxb6 58. cxb6 Bb7 59. Nd3 Kf6 60. Nc5 Bc6 1-0

[Event "Hessen-ch Seniors op 12th"]
[Site "Bad Sooden-Allendorf"]
[Date "2016.05.02"]
[Round "3"]
[White "Weiss, Hartwig"]
[Black "Voeller, Lothar"]
[Result "1/2-1/2"]
[WhiteElo "1965"]
[BlackElo "1758"]
[PlyCount "56"]
[EventDate "2016.04.30"]
[EventType "swiss"]
[EventRounds "9"]
[EventCountry "GER"]
[SourceTitle "EXT 2019"]
[Source "ChessBase"]
[SourceDate "2018.10.10"]
[SourceVersion "1"]
[SourceVersionDate "2018.10.10"]
[SourceQuality "1"]

1. e4 c5 2. Nf3 g6 3. d4 cxd4 4. Nxd4 Bg7 5. Bc4 Nc6 6. Nxc6 bxc6 7. 0-0 e6 8. Re1 Ne7 9. c3 0-0 10. Bg5 h6 11. Bh4 g5 12. Bg3 d5 13. exd5 cxd5 14. Bb3 Nf5 15. Be5 Bb7 16. Bxg7 Nxg7 17. Na3 Qf6 18. Qe2 a5 19. Bc2 Ba6 20. Bd3 Bxd3 21. Qxd3 Nh5 22. g3 Qg7 23. Nb5 Nf6 24. a4 Ne4 25. f3 Nc5 26. Qe3 Nd7 27. Rad1 Nf6 28. Kg2 g4 1/2-1/2

[Event "Schleswig Holstein-ch Seniors op 9th"]
[Site "Buesum"]
[Date "2015.10.04"]
[Round "6"]
[White "Weiss, Hartwig"]
[Black "Glaeser, Wilfried"]
[Result "0-1"]
[WhiteElo "1997"]
[BlackElo "2135"]
[PlyCount "142"]
[EventDate "2015.09.28"]
[EventType "swiss"]
[EventRounds "9"]
[EventCountry "GER"]
[SourceTitle "EXT 2018"]
[Source "ChessBase"]
[SourceDate "2017.10.13"]
[SourceVersion "1"]
[SourceVersionDate "2017.10.13"]
[SourceQuality "1"]

1. Nf3 Nf6 2. c4 c5 3. Nc3 d5 4. cxd5 Nxd5 5. g3 Nc6 6. Bg2 Nc7 7. 0-0 e5 8. d3 Be7 9. b3 0-0 10. Bb2 f6 11. Qd2 Be6 12. Rfd1 Qd7 13. Ne1 Rad8 14. Bxc6 Qxc6 15. Qc2 b6 16. Rac1 Qb7 17. f3 Rd7 18. Ne4 Nd5 19. Ng2 Bh3 20. Qd2 Be6 21. Nf2 Rfd8 22. Bc3 Bf8 23. Qb2 a5 24. Bd2 g6 25. Ne3 Nxe3 26. Bxe3 Bg7 27. Bd2 f5 28. Bc3 Qb8 29. Kg2 Bd5 30. Qc2 Bh6 31. Rb1 Be3 32. Ba1 Re7 33. Qc3 Bd4 34. Qd2 Qb7 35. Qg5 Rde8 36. Rbc1 Kg7 37. Re1 h6 38. Qd2 g5 39. e4 fxe4 40. dxe4 Be6 41. Bxd4 exd4 42. h4 g4 43. fxg4 Bd7 44. g5 Bc6 45. gxh6+ Kh8 46. Qg5 Bxe4+ 47. Nxe4 Rxe4 48. Qf6+ Kh7 49. Qf5+ Kxh6 50. Rxe4 Qxe4+ 51. Qxe4 Rxe4 52. Kf2 Re6 53. Re1 Rf6+ 54. Kg2 d3 55. Rd1 Rd6 56. Kf2 b5 57. Ke3 c4 58. Kd2 a4 59. bxa4 bxa4 60. Kc3 Rc6 61. Rb1 Kh5 62. Rb5+ Kg4 63. Rg5+ Kf3 64. h5 Rd6 65. Rg6 Rd8 66. Rf6+ Kxg3 67. Rf1 Kg2 68. Rd1 Rc8 69. Rd2+ Kf3 70. h6 Ke4 71. Rh2 Rh8 0-1

[Event "Schleswig Holstein-ch Seniors op 9th"]
[Site "Buesum"]
[Date "2015.10.02"]
[Round "5"]
[White "Gehrmann, Rudolf Rainer"]
[Black "Weiss, Hartwig"]
[Result "1/2-1/2"]
[WhiteElo "2132"]
[BlackElo "1997"]
[PlyCount "23"]
[EventDate "2015.09.28"]
[EventType "swiss"]
[EventRounds "9"]
[EventCountry "GER"]
[SourceTitle "EXT 2018"]
[Source "ChessBase"]
[SourceDate "2017.10.13"]
[SourceVersion "1"]
[SourceVersionDate "2017.10.13"]
[SourceQuality "1"]

1. c4 e5 2. Nc3 Nf6 3. Nf3 Nc6 4. g3 d6 5. Bg2 Be6 6. d3 h6 7. b3 Qd7 8. 0-0 Bh3 9. Bb2 Be7 10. a3 Bxg2 11. Kxg2 d5 12. cxd5 1/2-1/2

[Event "Schleswig Holstein-ch Seniors op"]
[Site "Buesum"]
[Date "2014.10.03"]
[Round "9"]
[White "Weiss, Hartwig"]
[Black "Wulf, Adalbert"]
[Result "1/2-1/2"]
[WhiteElo "2016"]
[BlackElo "1935"]
[PlyCount "107"]
[EventDate "2014.09.25"]
[EventType "swiss"]
[EventRounds "9"]
[EventCountry "GER"]
[SourceTitle "EXT 2018"]
[Source "ChessBase"]
[SourceDate "2017.10.13"]
[SourceVersion "1"]
[SourceVersionDate "2017.10.13"]
[SourceQuality "1"]

1. d4 Nf6 2. c4 g6 3. Nc3 Bg7 4. e4 d6 5. f3 0-0 6. Be3 Nbd7 7. Qd2 e5 8. 0-0-0 c6 9. Nge2 Qc7 10. g4 b5 11. g5 Nh5 12. Ng3 Nf4 13. Bxf4 exf4 14. Qxf4 bxc4 15. Bxc4 Nb6 16. Bb3 a5 17. Na4 Nxa4 18. Bxa4 Be6 19. Kb1 Rfc8 20. Ne2 Rab8 21. b3 c5 22. d5 Bd7 23. Bxd7 Qxd7 24. Kc2 c4 25. Kd2 cxb3 26. axb3 Rxb3 27. Rb1 Rcb8 28. Rxb3 Rxb3 29. Rc1 Be5 30. Qh4 Rxf3 31. Ng3 Bf4+ 32. Ke2 Rxg3 33. Qxf4 Qg4+ 34. Qxg4 Rxg4 35. Kf3 Rxg5 36. Ra1 Re5 37. Rxa5 f5 38. exf5 Rxf5+ 39. Ke4 Rf7 40. Ra6 Rd7 41. Kd4 Kg7 42. Rb6 Kf6 43. Ke4 Ke7 44. Kf4 h6 45. Rb2 Ra7 46. Re2+ Kf7 47. Re6 Ra4+ 48. Kg3 h5 49. Rxd6 Rd4 50. h3 h4+ 51. Kf3 g5 52. Rh6 Rxd5 53. Kg4 Rb5 54. Rc6 1/2-1/2

[Event "Schleswig Holstein-ch Seniors op"]
[Site "Buesum"]
[Date "2014.10.02"]
[Round "8"]
[White "Zoll, Detlef"]
[Black "Weiss, Hartwig"]
[Result "1/2-1/2"]
[WhiteElo "1850"]
[BlackElo "2016"]
[PlyCount "35"]
[EventDate "2014.09.25"]
[EventType "swiss"]
[EventRounds "9"]
[EventCountry "GER"]
[SourceTitle "EXT 2018"]
[Source "ChessBase"]
[SourceDate "2017.10.13"]
[SourceVersion "1"]
[SourceVersionDate "2017.10.13"]
[SourceQuality "1"]

1. d4 d5 2. Nc3 Nf6 3. Bg5 Nbd7 4. f3 h6 5. Bh4 e6 6. e3 Be7 7. Bd3 c5 8. dxc5 Nxc5 9. Bb5+ Bd7 10. Bxd7+ Qxd7 11. Nge2 0-0 12. 0-0 Na4 13. Nxa4 Qxa4 14. Bf2 Rac8 15. c3 Qc4 16. Qd2 Rfd8 17. Rfd1 a6 18. Qd3 1/2-1/2

[Event "Schleswig Holstein-ch Seniors op"]
[Site "Buesum"]
[Date "2014.10.01"]
[Round "7"]
[White "Weber, Gerhard"]
[Black "Weiss, Hartwig"]
[Result "0-1"]
[WhiteElo "1879"]
[BlackElo "2016"]
[PlyCount "56"]
[EventDate "2014.09.25"]
[EventType "swiss"]
[EventRounds "9"]
[EventCountry "GER"]
[SourceTitle "EXT 2018"]
[Source "ChessBase"]
[SourceDate "2017.10.13"]
[SourceVersion "1"]
[SourceVersionDate "2017.10.13"]
[SourceQuality "1"]

1. e4 d6 2. d4 g6 3. c4 Bg7 4. Nc3 e6 5. Be3 Ne7 6. f4 b6 7. Be2 Bb7 8. Bf3 Nd7 9. Qd2 a6 10. e5 Bxf3 11. Nxf3 Nf5 12. Bf2 0-0 13. g4 Ne7 14. 0-0-0 b5 15. cxb5 axb5 16. Kb1 b4 17. Ne4 Rxa2 18. Kxa2 Qa8+ 19. Kb3 Qxe4 20. Qd3 Qxf4 21. exd6 Qxd6 22. Bg3 Qd5+ 23. Kc2 c5 24. dxc5 Qxc5+ 25. Kb1 Nd5 26. Qb3 Ra8 27. Rhe1 Qa5 28. Rd3 Nc5 0-1

[Event "Schleswig Holstein-ch Seniors op"]
[Site "Buesum"]
[Date "2014.09.29"]
[Round "5"]
[White "Weiss, Hartwig"]
[Black "Bordasch, Christian"]
[Result "1/2-1/2"]
[WhiteElo "2016"]
[BlackElo "1811"]
[PlyCount "54"]
[EventDate "2014.09.25"]
[EventType "swiss"]
[EventRounds "9"]
[EventCountry "GER"]
[SourceTitle "EXT 2018"]
[Source "ChessBase"]
[SourceDate "2017.10.13"]
[SourceVersion "1"]
[SourceVersionDate "2017.10.13"]
[SourceQuality "1"]

1. Nf3 d5 2. c4 Nf6 3. cxd5 Nxd5 4. e4 Nf6 5. Nc3 Bg4 6. d4 e6 7. Qa4+ Nbd7 8. Be2 c6 9. 0-0 Be7 10. Be3 Nb6 11. Qb3 0-0 12. Rfd1 Qc7 13. h3 Bh5 14. Rac1 Rad8 15. d5 exd5 16. exd5 c5 17. Nb5 Qb8 18. d6 Bxd6 19. Nxd6 Rxd6 20. Rxd6 Qxd6 21. Bxc5 Qf4 22. Be3 Qe4 23. Bd3 Qd5 24. Bxb6 Qxb3 25. axb3 axb6 26. g4 Bg6 27. Bxg6 fxg6 1/2-1/2

[Event "Schleswig Holstein-ch Seniors op"]
[Site "Buesum"]
[Date "2014.09.25"]
[Round "1"]
[White "Weiss, Hartwig"]
[Black "Garms, Ilse"]
[Result "1-0"]
[WhiteElo "2016"]
[BlackElo "1753"]
[PlyCount "83"]
[EventDate "2014.09.25"]
[EventType "swiss"]
[EventRounds "9"]
[EventCountry "GER"]
[SourceTitle "EXT 2018"]
[Source "ChessBase"]
[SourceDate "2017.10.13"]
[SourceVersion "1"]
[SourceVersionDate "2017.10.13"]
[SourceQuality "1"]

1. e4 d6 2. d4 Nf6 3. Nc3 g6 4. Bd3 Bg7 5. Nge2 0-0 6. 0-0 c5 7. dxc5 dxc5 8. Bf4 Nfd7 9. Qc1 e5 10. Bh6 Nc6 11. Bxg7 Kxg7 12. Nd5 Nf6 13. c4 Be6 14. f4 exf4 15. Qxf4 Bxd5 16. exd5 Nb4 17. Qd2 Nxd3 18. Qxd3 Qd6 19. Ng3 Rae8 20. Rae1 Rxe1 21. Rxe1 Re8 22. Rxe8 Nxe8 23. Ne4 Qb6 24. b3 f5 25. Qc3+ Kh6 26. Qe3+ Kg7 27. Nxc5 Nc7 28. Qe7+ Kh6 29. Kf1 Nxd5 30. cxd5 Qb5+ 31. Kf2 b6 32. Qe3+ g5 33. Qe6+ Kh5 34. Qe2+ Qxe2+ 35. Kxe2 Kg6 36. Nd3 Kf6 37. Ke3 Ke7 38. Kd4 h5 39. b4 Kd6 40. Ne5 g4 41. g3 a6 42. Ng6 1-0

[Event "GER-chA Seniors 26th"]
[Site "Bad Neuenahr"]
[Date "2014.08.05"]
[Round "1"]
[White "Thieme, Hans"]
[Black "Weiss, Hartwig"]
[Result "1/2-1/2"]
[WhiteElo "2129"]
[BlackElo "2056"]
[PlyCount "44"]
[EventDate "2014.08.05"]
[EventType "swiss"]
[EventRounds "9"]
[EventCountry "GER"]
[SourceTitle "EXT 2018"]
[Source "ChessBase"]
[SourceDate "2017.10.13"]
[SourceVersion "1"]
[SourceVersionDate "2017.10.13"]
[SourceQuality "1"]

1. e4 c6 2. d4 d5 3. Nc3 dxe4 4. Nxe4 Nf6 5. Nxf6+ exf6 6. Ne2 Bd6 7. Ng3 Be6 8. Be2 0-0 9. 0-0 Re8 10. Ne4 Bc7 11. Re1 Nd7 12. c4 Nf8 13. b3 Ng6 14. Bf1 b6 15. g3 Qd7 16. Bg2 Bg4 17. Qd2 f5 18. h3 fxe4 19. hxg4 Qxg4 20. Qc2 f5 21. Bb2 h5 22. Qd1 Rad8 1/2-1/2

[Event "Niedersachsen-ch Seniors op 14th"]
[Site "Bad Bevensen"]
[Date "2011.07.09"]
[Round "5"]
[White "Weiss, Hartwig"]
[Black "Schumacher, Horst"]
[Result "1/2-1/2"]
[WhiteElo "1854"]
[BlackElo "1660"]
[PlyCount "74"]
[EventDate "2011.07.05"]
[EventType "swiss"]
[EventRounds "9"]
[EventCountry "GER"]
[SourceTitle "EXT 2012"]
[Source "ChessBase"]
[SourceDate "2011.11.24"]
[SourceVersion "1"]
[SourceVersionDate "2011.11.24"]
[SourceQuality "1"]

1. e4 d5 2. exd5 Nf6 3. d4 Qxd5 4. c4 Qe4+ 5. Be3 e6 6. Qd3 Bb4+ 7. Nc3 Nc6 8. Nf3 h6 9. Be2 0-0 10. 0-0 Bxc3 11. Qxc3 Qh7 12. Nd2 Ne7 13. Bd3 Nf5 14. Nf3 g5 15. Ne5 Qg7 16. Bxf5 exf5 17. f3 f4 18. Bd2 Nd7 19. Nxd7 Bxd7 20. d5 Qg6 21. Qd4 a6 22. Bc3 Kh7 23. Rfe1 Rae8 24. Kf1 f6 25. Re2 Rxe2 26. Kxe2 Qc2+ 27. Kf1 Kg6 28. Rd1 Qf5 29. Re1 Re8 30. Re4 Re5 31. h3 h5 32. Rxe5 fxe5 33. Qxe5 Qxe5 34. Bxe5 c6 35. dxc6 Bxc6 36. Kf2 Kf5 37. Bc3 g4 1/2-1/2

[Event "Niedersachsen-ch Seniors op 14th"]
[Site "Bad Bevensen"]
[Date "2011.07.06"]
[Round "2"]
[White "Weiss, Hartwig"]
[Black "Rahls, Peter"]
[Result "0-1"]
[WhiteElo "1854"]
[BlackElo "2132"]
[PlyCount "64"]
[EventDate "2011.07.05"]
[EventType "swiss"]
[EventRounds "9"]
[EventCountry "GER"]
[SourceTitle "EXT 2012"]
[Source "ChessBase"]
[SourceDate "2011.11.24"]
[SourceVersion "1"]
[SourceVersionDate "2011.11.24"]
[SourceQuality "1"]

1. e4 c5 2. d3 Nc6 3. Nf3 e5 4. Nbd2 g6 5. g3 Bg7 6. Bg2 Nge7 7. 0-0 0-0 8. Re1 d5 9. exd5 Nxd5 10. Nc4 f6 11. a4 Be6 12. Nfd2 Qd7 13. Ne4 b6 14. Bd2 Rad8 15. a5 Qc7 16. axb6 axb6 17. Qc1 Nd4 18. Ne3 Nxe3 19. fxe3 Nf5 20. b3 Nd6 21. Nxd6 Qxd6 22. e4 f5 23. Bg5 Rd7 24. Rb1 f4 25. gxf4 exf4 26. Rf1 Rdf7 27. Qd1 Bd4+ 28. Kh1 Kg7 29. Bh4 Qe5 30. Bf2 f3 31. Bxd4 fxg2+ 32. Kxg2 Qxd4 0-1

[Event "GER Seniors Derby 08th"]
[Site "Wesel Undeloh"]
[Date "2009.04.16"]
[Round "1.9"]
[White "Weiss, Hartwig"]
[Black "Eichhorst, Gerhard"]
[Result "1-0"]
[WhiteElo "1912"]
[BlackElo "1600"]
[PlyCount "35"]
[EventDate "2009.04.16"]
[EventType "swiss"]
[EventRounds "7"]
[EventCountry "GER"]
[SourceTitle "EXT 2022"]
[Source "ChessBase"]
[SourceDate "2021.10.06"]
[SourceVersion "1"]
[SourceVersionDate "2021.10.06"]
[SourceQuality "1"]

1. e4 g6 2. d4 Bg7 3. Nc3 d6 4. Be3 e6 5. Be2 Ne7 6. Qd2 h6 7. 0-0-0 Nd7 8. f4 b6 9. Nf3 Bb7 10. Rhg1 a6 11. h3 b5 12. Bd3 c5 13. dxc5 dxc5 14. e5 b4 15. Ne4 Bxe4 16. Bxe4 Rc8 17. g4 0-0 18. Qxd7 1-0

[Event "Oberliga NRW 0203 I"]
[Site "Germany"]
[Date "2003.04.06"]
[Round "8.8"]
[White "Franco, Victor"]
[Black "Weiss, Hartwig"]
[Result "0-1"]
[WhiteElo "2056"]
[BlackElo "1949"]
[PlyCount "78"]
[EventDate "2002.10.06"]
[EventType "team"]
[EventRounds "9"]
[EventCountry "GER"]
[SourceTitle "EXT 2004"]
[Source "ChessBase"]
[SourceDate "2003.11.25"]
[SourceVersion "1"]
[SourceVersionDate "2003.11.25"]
[SourceQuality "1"]
[WhiteTeam "Dortmund Hansa"]
[BlackTeam "Minden"]
[WhiteTeamCountry "GER"]
[BlackTeamCountry "GER"]

1. d4 f5 2. g3 Nf6 3. Bg2 e6 4. Nh3 d5 5. Nf4 Bd6 6. 0-0 0-0 7. Nd3 Nbd7 8. Nd2 b6 9. Nf3 Bb7 10. Bf4 Bxf4 11. Nxf4 Re8 12. h4 Ne4 13. c4 dxc4 14. Ng5 Bd5 15. Nxe4 fxe4 16. Qc2 Nf6 17. e3 Qd6 18. Rad1 b5 19. Bh3 c6 20. g4 e5 21. dxe5 Rxe5 22. g5 Ne8 23. Rd4 Nc7 24. Rfd1 Rae8 25. Qd2 h6 26. gxh6 Qxh6 27. Kh2 Qxh4 28. Ng6 Qh6 29. Nxe5 Rxe5 30. Rg1 Ne6 31. Qa5 Rh5 32. Rg3 Nxd4 33. Qd8+ Kh7 34. exd4 Be6 35. Qe8 Rxh3+ 36. Rxh3 Bxh3 37. Kg3 Qg6+ 38. Qxg6+ Kxg6 39. Kxh3 b4 0-1